| 000 | 00923 a2200265 4500 | ||
|---|---|---|---|
| 001 | 47552 | ||
| 020 | _a9788550404103 | ||
| 020 | _q(broch.) | ||
| 041 | _apor | ||
| 082 | _a028.5 | ||
| 100 | _aBrenman, Ilan | ||
| 490 | _aQuem lê sabe por quê? | ||
| 520 | _aEsse livro que mostra a simultaneidade da vida de várias crianças ao redor do mundo. As diferenças de cada uma delas estão registradas com humor e leveza, e as diferenças de costumes, cultura e hábitos dos mais diversos países e povos marcadas com cores vivas. | ||
| 521 | _aSK | ||
| 697 | _aLiteratura infantojuvenil | ||
| 697 | _aCulturas. | ||
| 856 | _u00002c/00002c6e.jpg | ||
| 040 |
_aBR-BrIDEA _cBR-BrIDEA |
||
| 090 |
_aA SK 028 _bBRE |
||
| 245 | 1 | 0 |
_aAgora! _cIlan Brenman ; ilustrações de Guilherme Karsten |
| 260 |
_aSão Paulo _bSESI-SP _c2017 |
||
| 300 |
_a32 p. _bil. |
||
| 700 |
_aKarsten, Guilherme _eilustrador |
||
| 942 | _cBK | ||
| 999 |
_c47552 _d47552 |
||